[Event "43. Olimpiada Batumi 2018 Femenina"]
[Site "Batumi GEO"]
[Date "2018.09.30"]
[Round "6.3"]
[White "Chumpitaz, Ann"]
[Black "Yildiz Kadioglu, Betul Cemre"]
[Result "1-0"]
[WhiteElo "2222"]
[BlackElo "2287"]
[PlyCount "68"]
[EventDate "2018.09.24"]
[EventType "team-swiss"]
[EventRounds "11"]
[EventCountry "GEO"]
[SourceTitle "Ajedrez en Madrid"]
[Source "lmi"]
[SourceDate "2018.09.24"]
[WhiteTeam "Peru"]
[BlackTeam "Turkey"]
[WhiteTeamCountry "PER"]
[BlackTeamCountry "TUR"]

1. e4 e5 2. Nf3 Nc6 3. Bc4 Bc5 4. c3 Nf6 5. d3 d6 6. a4 a6 7. h3 Be6 8. Nbd2 d5
9. exd5 Bxd5 10. O-O O-O 11. b4 Bd6 12. Qb3 Ne7 13. Re1 Bc6 14. a5 Ng6 15. Ne4
h6 16. Nxf6+ Qxf6 17. Bd5 Bxd5 18. Qxd5 c6 19. Qc4 Rad8 20. Re4 Qf5 21. Be3 Bc7
22. Re1 Rfe8 23. Bb6 Bxb6 24. axb6 Re6 25. d4 Rd5 26. Qe2 Nf4 27. Qe3 Rg6 28.
Nh4 Qg5 29. Rxf4 exf4 30. Qe8+ Kh7 31. Nxg6 Qxg6 32. Qe4 Rf5 33. Qf3 Qf6 34.
Re8 Rb5 1-0

[Event "43. Olimpiada Batumi 2018 Femenina"]
[Site "Batumi GEO"]
[Date "2018.09.30"]
[Round "6.4"]
[White "Okuyaz, Duru"]
[Black "Caballero Quijano, Mitzy Mishell"]
[Result "0-1"]
[WhiteElo "2108"]
[BlackElo "2034"]
[PlyCount "96"]
[EventDate "2018.09.24"]
[EventType "team-swiss"]
[EventRounds "11"]
[EventCountry "GEO"]
[SourceTitle "Ajedrez en Madrid"]
[Source "lmi"]
[SourceDate "2018.09.24"]
[WhiteTeam "Turkey"]
[BlackTeam "Peru"]
[WhiteTeamCountry "TUR"]
[BlackTeamCountry "PER"]

1. e4 e6 2. d4 d5 3. Nc3 Nf6 4. Bg5 dxe4 5. Nxe4 Nbd7 6. Nf3 Be7 7. Nxf6+ Bxf6
8. Bxf6 Nxf6 9. Bd3 O-O 10. O-O b6 11. Re1 Bb7 12. c3 h6 13. Ne5 c5 14. dxc5
Qd5 15. f3 Qxc5+ 16. Kh1 Rad8 17. Qc2 Rd5 18. b4 Qc7 19. f4 Nh5 20. Bh7+ Kh8
21. Be4 Nxf4 22. Bxd5 Bxd5 23. Nf3 Qc6 24. Re3 g5 25. c4 Qxc4 26. Qxc4 Bxc4 27.
g3 Bd5 28. Kg1 Nh3+ 29. Kf1 Rc8 30. Ne5 Kg7 31. Nd3 Rc2 32. Re2 Rc3 33. Rd2 Bc4
34. Rad1 g4 35. Ke2 Ng5 36. Ke3 Nf3 37. Re2 f5 38. h3 h5 39. hxg4 hxg4 40. a4
e5 41. a5 e4 42. Kf4 Bxd3 43. axb6 axb6 44. Ra2 e3 45. Rh1 e2 46. Ra7+ Kg6 47.
Ke3 Bb5+ 48. Kf4 Rc4+ 0-1

[Event "43. Olimpiada Batumi 2018 Femenina"]
[Site "Batumi GEO"]
[Date "2018.09.30"]
[Round "6.1"]
[White "Lujan, Carolina"]
[Black "Houska, Jovanka"]
[Result "0-1"]
[WhiteElo "2350"]
[BlackElo "2402"]
[PlyCount "62"]
[EventDate "2018.09.24"]
[EventType "team-swiss"]
[EventRounds "11"]
[EventCountry "GEO"]
[SourceTitle "Ajedrez en Madrid"]
[Source "lmi"]
[SourceDate "2018.09.24"]
[WhiteTeam "Argentina"]
[BlackTeam "England"]
[WhiteTeamCountry "ARG"]
[BlackTeamCountry "ENG"]

1. e4 c6 2. Nc3 d5 3. Nf3 dxe4 4. Nxe4 Nf6 5. Nxf6+ exf6 6. d4 Bd6 7. Bd3 O-O
8. Be3 Na6 9. a3 Nc7 10. c4 Re8 11. Qc2 g6 12. h4 b5 13. c5 Bf4 14. O-O-O Bxe3+
15. fxe3 Rxe3 16. h5 Kg7 17. hxg6 fxg6 18. Qf2 Rxd3 19. Rxd3 Bf5 20. Re3 Nd5
21. Nh4 Nxe3 22. Qxe3 Bg4 23. Nxg6 hxg6 24. Qh6+ Kf7 25. Qh7+ Ke6 26. Re1+ Kf5
27. Qb7 Rc8 28. Re7 Qxd4 29. Kb1 Rd8 30. Re1 Qf2 31. Qe7 Qxe1+ 0-1

[Event "43. Olimpiada Batumi 2018 Femenina"]
[Site "Batumi GEO"]
[Date "2018.09.30"]
[Round "6.2"]
[White "Kalaiyalahan, Akshaya"]
[Black "Amura, Claudia"]
[Result "1/2-1/2"]
[WhiteElo "2253"]
[BlackElo "2249"]
[PlyCount "119"]
[EventDate "2018.09.24"]
[EventType "team-swiss"]
[EventRounds "11"]
[EventCountry "GEO"]
[SourceTitle "Ajedrez en Madrid"]
[Source "lmi"]
[SourceDate "2018.09.24"]
[WhiteTeam "England"]
[BlackTeam "Argentina"]
[WhiteTeamCountry "ENG"]
[BlackTeamCountry "ARG"]

1. d4 d5 2. Nf3 e6 3. c4 c5 4. cxd5 exd5 5. g3 Nc6 6. Bg2 cxd4 7. Nxd4 Bc5 8.
Nb3 Bb6 9. O-O d4 10. N1d2 Nf6 11. Nc4 O-O 12. Nxb6 axb6 13. Bxc6 bxc6 14. Qxd4
Qe7 15. Bg5 c5 16. Bxf6 gxf6 17. Qf4 Qxe2 18. Qxf6 Bb7 19. Qg5+ Kh8 20. Qf6+
Kg8 21. Rfe1 Qf3 22. Qxf3 Bxf3 23. Re3 Bd5 24. Rd1 Be6 25. a3 Rfd8 26. Rde1 c4
27. Nc1 Rd2 28. R3e2 Rad8 29. Kg2 b5 30. Rxd2 Rxd2 31. Re2 Rd1 32. Na2 Bd5+ 33.
f3 Rd3 34. Rf2 Bb7 35. Nc3 Bc6 36. g4 h5 37. gxh5 Kg7 38. Kg3 Kh6 39. Kf4 Kxh5
40. Ne4 Kh6 41. Re2 Kg7 42. Re3 Bxe4 43. fxe4 Rd2 44. b3 Rxh2 45. bxc4 bxc4 46.
Rc3 Kf6 47. Rxc4 Rh4+ 48. Kg3 Rh1 49. a4 Ke5 50. Kf3 Rh3+ 51. Ke2 f5 52. exf5
Kxf5 53. Kd2 Ke5 54. Kc2 Kd5 55. Rc8 Ra3 56. Ra8 Kc5 57. Kb2 Rh3 58. a5 Kb5 59.
a6 Kb6 60. Rb8+ 1/2-1/2

[Event "43. Olimpiada Batumi 2018 Femenina"]
[Site "Batumi GEO"]
[Date "2018.09.30"]
[Round "6.3"]
[White "Fernandez, Maria Florencia"]
[Black "Ciuksyte, Dagne"]
[Result "1-0"]
[WhiteElo "2219"]
[BlackElo "2308"]
[PlyCount "103"]
[EventDate "2018.09.24"]
[EventType "team-swiss"]
[EventRounds "11"]
[EventCountry "GEO"]
[SourceTitle "Ajedrez en Madrid"]
[Source "lmi"]
[SourceDate "2018.09.24"]
[WhiteTeam "Argentina"]
[BlackTeam "England"]
[WhiteTeamCountry "ARG"]
[BlackTeamCountry "ENG"]

1. d4 f5 2. c4 Nf6 3. Nc3 e6 4. Nf3 Bb4 5. Qc2 b6 6. a3 Bxc3+ 7. Qxc3 Bb7 8. g3
O-O 9. Bg2 d6 10. O-O Qe8 11. b4 Nbd7 12. Bb2 Qh5 13. d5 e5 14. Qc2 Rae8 15.
Bc1 f4 16. gxf4 Ng4 17. h3 Nh6 18. Ng5 Nf5 19. Bf3 Qh4 20. Bg4 Nd4 21. Qd3 Nf6
22. Be6+ Nxe6 23. Nxe6 Rxe6 24. dxe6 exf4 25. Qf5 f3 26. exf3 g6 27. Qf4 Qxh3
28. e7 Re8 29. Qg3 Qh5 30. Bg5 Bxf3 31. Qh4 Qxh4 32. Bxh4 Ne4 33. Rfe1 g5 34.
Re3 g4 35. Rae1 Nd2 36. Rd3 Nxc4 37. Rc3 Bd5 38. Rd1 Be6 39. Kg2 a6 40. Kg3 Kf7
41. Rd4 d5 42. Rf4+ Kg7 43. f3 h5 44. fxg4 hxg4 45. Rc2 c5 46. Rcf2 Nd6 47. Rf8
Bd7 48. Rxe8 Nxe8 49. Kf4 c4 50. Ke5 Bc6 51. Rg2 Kg6 52. Rxg4+ 1-0

[Event "43. Olimpiada Batumi 2018 Femenina"]
[Site "Batumi GEO"]
[Date "2018.09.30"]
[Round "6.4"]
[White "Head, Louise"]
[Black "Zuriel, Marisa"]
[Result "0-1"]
[WhiteElo "2161"]
[BlackElo "2186"]
[PlyCount "82"]
[EventDate "2018.09.24"]
[EventType "team-swiss"]
[EventRounds "11"]
[EventCountry "GEO"]
[SourceTitle "Ajedrez en Madrid"]
[Source "lmi"]
[SourceDate "2018.09.24"]
[WhiteTeam "England"]
[BlackTeam "Argentina"]
[WhiteTeamCountry "ENG"]
[BlackTeamCountry "ARG"]

1. d4 Nf6 2. c4 c5 3. d5 b5 4. cxb5 a6 5. b6 d6 6. Nc3 g6 7. e4 Qxb6 8. Nf3
Nbd7 9. Be2 Bg7 10. O-O O-O 11. Nd2 Qc7 12. Nc4 Nb6 13. Ne3 e6 14. a4 exd5 15.
exd5 a5 16. Nb5 Qb8 17. Nc4 Nxc4 18. Bxc4 Nd7 19. Ra2 Ne5 20. b3 Bg4 21. f3 Bd7
22. Re2 Re8 23. Bb2 Qb6 24. Rfe1 g5 25. Qd2 h6 26. f4 gxf4 27. Qxf4 Bxb5 28.
Bxb5 Re7 29. Kf1 Rf8 30. Qd2 f5 31. Bc3 f4 32. Bxa5 Qa7 33. Re4 f3 34. g3 f2
35. R1e3 c4 36. Bc3 Nf3 37. Rxf3 Rxf3 38. Bxg7 Rxe4 39. Bxc4 Qxg7 40. Kg2 Rxc4
41. Qd1 f1=Q+ 0-1

[Event "43. Olimpiada Batumi 2018 Femenina"]
[Site "Batumi GEO"]
[Date "2018.09.30"]
[Round "6.1"]
[White "Vega Gutierrez, Sabrina"]
[Black "Frayna, Janelle Mae"]
[Result "1/2-1/2"]
[WhiteElo "2404"]
[BlackElo "2287"]
[PlyCount "85"]
[EventDate "2018.09.24"]
[EventType "team-swiss"]
[EventRounds "11"]
[EventCountry "GEO"]
[SourceTitle "Ajedrez en Madrid"]
[Source "lmi"]
[SourceDate "2018.09.24"]
[WhiteTeam "Spain"]
[BlackTeam "Philippines"]
[WhiteTeamCountry "ESP"]
[BlackTeamCountry "PHI"]

1. e4 e6 2. Qe2 e5 3. Nf3 Nc6 4. c3 Nf6 5. d4 d6 6. d5 Nb8 7. c4 g6 8. Nc3 Bg7
9. h3 O-O 10. Be3 Nh5 11. g3 Na6 12. Bg2 f5 13. exf5 gxf5 14. Ng5 Nf6 15. O-O-O
Qe7 16. Ne6 Bxe6 17. dxe6 c6 18. g4 f4 19. Bd2 Nc5 20. g5 Ne8 21. h4 Nc7 22. h5
N7xe6 23. h6 f3 24. Bxf3 Nd4 25. Bd5+ cxd5 26. Qh5 Nd3+ 27. Kb1 Nxf2 28. g6
hxg6 29. Qxg6 Nxh1 30. Rxh1 Qf7 31. Qxg7+ Qxg7 32. hxg7 Kxg7 33. Bh6+ Kg6 34.
Bxf8 Rxf8 35. Rg1+ Kf7 36. Nxd5 Re8 37. Rf1+ Kg7 38. Rg1+ Kf7 39. Rf1+ Kg7 40.
Rg1+ Kf7 41. Rf1+ Kg7 42. Rg1+ Kf7 43. Rf1+ 1/2-1/2

[Event "43. Olimpiada Batumi 2018 Femenina"]
[Site "Batumi GEO"]
[Date "2018.09.30"]
[Round "6.2"]
[White "Mendoza, Shania Mae"]
[Black "Garcia Martin, Marta"]
[Result "1-0"]
[WhiteElo "2113"]
[BlackElo "2329"]
[PlyCount "169"]
[EventDate "2018.09.24"]
[EventType "team-swiss"]
[EventRounds "11"]
[EventCountry "GEO"]
[SourceTitle "Ajedrez en Madrid"]
[Source "lmi"]
[SourceDate "2018.09.24"]
[WhiteTeam "Philippines"]
[BlackTeam "Spain"]
[WhiteTeamCountry "PHI"]
[BlackTeamCountry "ESP"]

1. d4 d5 2. c4 e6 3. Nf3 Nf6 4. g3 Bb4+ 5. Bd2 Bd6 6. Bg2 O-O 7. O-O c6 8. Qc2
Nbd7 9. Rd1 Ne4 10. Be1 f5 11. Nfd2 Nef6 12. e3 h5 13. Nc3 Ng4 14. cxd5 exd5
15. Nf3 Qe7 16. h3 Nh6 17. Nh4 Qe6 18. f4 Re8 19. Bf2 Nf6 20. Bf3 Qf7 21. Qe2
g6 22. Bg2 Ne4 23. Nf3 Qf6 24. Qf1 Kg7 25. Rac1 Be6 26. a3 Re7 27. Rc2 Rae8 28.
Re1 Bb8 29. b4 Bd6 30. Na4 Bc8 31. Nb2 a5 32. Nd3 Nf7 33. Nfe5 h4 34. gxh4 Rh8
35. Nf3 Bc7 36. Nde5 Nfd6 37. Ng5 Nxf2 38. Qxf2 Ne4 39. Bxe4 fxe4 40. Qg3 Bd6
41. Rb1 Rc7 42. Kh1 Qf5 43. Rg2 Kg8 44. Nxg6 Qxg6 45. Nxe4 Qxg3 46. Rxg3+ Kf8
47. Nxd6 Rxh4 48. Nxc8 Rxc8 49. Kg2 Rh7 50. Kf3 axb4 51. Rxb4 Ra8 52. a4 Re7
53. h4 Rh7 54. Rh3 Re8 55. h5 Ree7 56. Rb2 Kf7 57. h6 Kf6 58. a5 Re8 59. a6 b5
60. Rc2 Rc8 61. a7 Rxa7 62. h7 Raa8 63. Rh6+ Kg7 64. Rcxc6 Rxc6 65. Rxc6 Rb8
66. Rc7+ Kh8 67. Ke2 b4 68. Kd2 b3 69. Kc1 b2+ 70. Kb1 Re8 71. Rc3 Rb8 72. Rc2
Re8 73. Re2 Kxh7 74. Kxb2 Kg6 75. Kc3 Kf5 76. Kd3 Ra8 77. Rc2 Ra3+ 78. Rc3 Ra2
79. Rc8 Ra3+ 80. Ke2 Ra5 81. Rc5 Ra2+ 82. Kf3 Ke6 83. Rc6+ Kf5 84. Rd6 Ra5 85.
Rxd5+ 1-0

[Event "43. Olimpiada Batumi 2018 Femenina"]
[Site "Batumi GEO"]
[Date "2018.09.30"]
[Round "6.3"]
[White "Matnadze, Ana"]
[Black "San Diego, Marie Antoinette"]
[Result "1/2-1/2"]
[WhiteElo "2362"]
[BlackElo "2102"]
[PlyCount "145"]
[EventDate "2018.09.24"]
[EventType "team-swiss"]
[EventRounds "11"]
[EventCountry "GEO"]
[SourceTitle "Ajedrez en Madrid"]
[Source "lmi"]
[SourceDate "2018.09.24"]
[WhiteTeam "Spain"]
[BlackTeam "Philippines"]
[WhiteTeamCountry "ESP"]
[BlackTeamCountry "PHI"]

1. Nf3 Nf6 2. c4 e6 3. b3 b6 4. Bb2 Bb7 5. g3 d5 6. Bg2 c5 7. O-O Nbd7 8. cxd5
Nxd5 9. d4 N7f6 10. Ne5 cxd4 11. Qxd4 a6 12. Nc3 b5 13. Rfd1 Be7 14. Rac1 O-O
15. e4 Nxc3 16. Qxc3 Qe8 17. Qc7 Rb8 18. g4 h6 19. h4 Ba8 20. g5 hxg5 21. hxg5
Nxe4 22. g6 fxg6 23. Nc6 Bxc6 24. Rxc6 Qf7 25. Bd4 Rbd8 26. Qe5 Bf6 27. Qxe4
Bxd4 28. Kh1 Rd5 29. Rd3 Rh5+ 30. Rh3 Qxf2 31. Qxe6+ Kh8 32. Rc1 Qd2 33. Re1
Rxh3+ 34. Qxh3+ Qh6 35. Re6 Qxh3+ 36. Bxh3 Rf6 37. Re4 Bf2 38. Re8+ Kh7 39. Ra8
Be1 40. Re8 Bf2 41. Ra8 Be1 42. Re8 Bc3 43. Re3 Ba5 44. Kg2 Bb6 45. Re6 g5 46.
Rxf6 gxf6 47. Bf5+ Kh6 48. Kf3 b4 49. Kg4 Kg7 50. Kf3 a5 51. Ke4 Kh6 52. Kf3
Kh5 53. Bg4+ Kh4 54. Bf5 g4+ 55. Bxg4 Kg5 56. Bd7 f5 57. Bb5 Kf6 58. Ba4 Ke5
59. Bd7 Bc7 60. Ke3 Bb6+ 61. Kf3 f4 62. Bc6 Be3 63. Ba4 Kd4 64. Bb5 Kc3 65. Ba4
Kb2 66. Ke2 Kxa2 67. Kf3 Kb2 68. Ke2 Kc3 69. Kf3 Kd2 70. Bb5 Kc3 71. Ba4 Kd2
72. Bb5 Kc3 73. Ba4 1/2-1/2

[Event "43. Olimpiada Batumi 2018 Femenina"]
[Site "Batumi GEO"]
[Date "2018.09.30"]
[Round "6.4"]
[White "Galas, Bernadette"]
[Black "Calzetta Ruiz, Monica"]
[Result "1-0"]
[WhiteElo "2080"]
[BlackElo "2235"]
[PlyCount "111"]
[EventDate "2018.09.24"]
[EventType "team-swiss"]
[EventRounds "11"]
[EventCountry "GEO"]
[SourceTitle "Ajedrez en Madrid"]
[Source "lmi"]
[SourceDate "2018.09.24"]
[WhiteTeam "Philippines"]
[BlackTeam "Spain"]
[WhiteTeamCountry "PHI"]
[BlackTeamCountry "ESP"]

1. d4 Nf6 2. Bg5 Ne4 3. Bf4 c5 4. f3 Nf6 5. dxc5 Qa5+ 6. Qd2 Qxc5 7. e4 g6 8.
Nc3 Bg7 9. Be3 Qa5 10. Nb5 Qxd2+ 11. Kxd2 Na6 12. Nxa7 O-O 13. Bxa6 bxa6 14.
Nxc8 Rfxc8 15. Ne2 Rab8 16. Rab1 d5 17. e5 Nd7 18. f4 Nc5 19. c3 Ne4+ 20. Kc2
e6 21. Bd4 h5 22. b4 Rc4 23. Kd3 Bh6 24. Rhf1 Rbc8 25. Rb3 Bf8 26. Ng3 Nxg3 27.
hxg3 Be7 28. Ra1 R4c6 29. a4 Rb8 30. b5 Rc4 31. b6 Bc5 32. Bxc5 Rxc5 33. a5 Kf8
34. Ra4 Ke8 35. Kd4 Rcc8 36. c4 dxc4 37. Rxc4 Rd8+ 38. Kc3 Rd5 39. Kb4 Rbd8 40.
Ka4 Rb8 41. Rc7 Rd4+ 42. Rb4 Rd2 43. Rbc4 Ra2+ 44. Kb4 Rb2+ 45. Ka3 Rb5 46.
R7c5 Rxc5 47. Rxc5 Rb7 48. Rc6 Kd7 49. Rd6+ Ke7 50. Kb4 f6 51. Kc5 fxe5 52.
fxe5 Rb8 53. Kc6 Rc8+ 54. Kb7 Rc5 55. Kxa6 Rxe5 56. Rd3 1-0

[Event "43. Olimpiada Batumi 2018 Femenina"]
[Site "Batumi GEO"]
[Date "2018.09.30"]
[Round "6.1"]
[White "Hoang, Thanh Trang"]
[Black "Khomeriki, Nino"]
[Result "1-0"]
[WhiteElo "2423"]
[BlackElo "2313"]
[PlyCount "127"]
[EventDate "2018.09.24"]
[EventType "team-swiss"]
[EventRounds "11"]
[EventCountry "GEO"]
[SourceTitle "Ajedrez en Madrid"]
[Source "lmi"]
[SourceDate "2018.09.24"]
[WhiteTeam "Hungary"]
[BlackTeam "Georgia 3"]
[WhiteTeamCountry "HUN"]

1. d4 d5 2. c4 e6 3. Nf3 Nf6 4. g3 Bb4+ 5. Bd2 Bd6 6. Nc3 O-O 7. Bg5 c6 8. Bg2
Nbd7 9. O-O dxc4 10. Nd2 Nb6 11. Qc2 Be7 12. Nf3 Nbd5 13. Ne5 h6 14. Bc1 Qb6
15. e4 Nb4 16. Qd1 Qa6 17. Be3 Nd3 18. Nxd3 cxd3 19. Re1 e5 20. dxe5 Ng4 21. h3
Nxe5 22. f4 Nc4 23. Qxd3 Rd8 24. Qe2 Nxe3 25. Qxe3 Be6 26. Rad1 b6 27. Kh2 Bc5
28. Qf3 b5 29. f5 Bc4 30. e5 b4 31. Ne4 Bf8 32. b3 Rxd1 33. Qxd1 Bd5 34. Qg4
Kh8 35. Re2 Re8 36. Nf2 Qb5 37. Bxd5 cxd5 38. Qf3 Rc8 39. Rd2 Rc3 40. Qxd5 Qxd5
41. Rxd5 Rc2 42. Rd8 Rxf2+ 43. Kg1 Rxf5 44. Rxf8+ Kh7 45. Rb8 Rxe5 46. Rxb4 Rf5
47. Rb7 a5 48. g4 Rf4 49. Ra7 f5 50. Rxa5 fxg4 51. Ra4 Rf3 52. hxg4 Kg6 53. Rb4
h5 54. gxh5+ Kxh5 55. a4 g5 56. a5 Rf7 57. a6 g4 58. Ra4 Ra7 59. b4 Kh4 60. b5
Kh3 61. b6 Rd7 62. Ra1 Rd2 63. a7 Rg2+ 64. Kf1 1-0

[Event "43. Olimpiada Batumi 2018 Femenina"]
[Site "Batumi GEO"]
[Date "2018.09.30"]
[Round "6.2"]
[White "Janiashvili, Mariami"]
[Black "Gara, Anita"]
[Result "0-1"]
[WhiteElo "2081"]
[BlackElo "2370"]
[PlyCount "66"]
[EventDate "2018.09.24"]
[EventType "team-swiss"]
[EventRounds "11"]
[EventCountry "GEO"]
[SourceTitle "Ajedrez en Madrid"]
[Source "lmi"]
[SourceDate "2018.09.24"]
[WhiteTeam "Georgia 3"]
[BlackTeam "Hungary"]
[BlackTeamCountry "HUN"]

1. d4 d6 2. Nf3 Nf6 3. g3 g6 4. Bg2 Bg7 5. O-O O-O 6. b3 c6 7. c4 Ne4 8. Bb2 d5
9. Nc3 Bf5 10. Nh4 Nxc3 11. Bxc3 Be6 12. Qd3 a5 13. cxd5 cxd5 14. Qb5 Nc6 15.
Rfd1 Ra6 16. Rac1 Qb6 17. a4 Rd8 18. e4 dxe4 19. d5 Bxc3 20. dxe6 Bd2 21. exf7+
Kxf7 22. Rc2 e3 23. Nf3 Nd4 24. Nxd4 Qxd4 25. Rf1 Rf6 26. fxe3 Qxe3+ 27. Kh1
Rxf1+ 28. Qxf1+ Kg7 29. Rc4 Qxb3 30. Qe2 Bg5 31. h4 Rd2 32. Qe6 Qxg3 33. Rg4
Rd1+ 0-1

[Event "43. Olimpiada Batumi 2018 Femenina"]
[Site "Batumi GEO"]
[Date "2018.09.30"]
[Round "6.3"]
[White "Gara, Ticia"]
[Black "Koridze, Lile"]
[Result "1-0"]
[WhiteElo "2321"]
[BlackElo "1931"]
[PlyCount "67"]
[EventDate "2018.09.24"]
[EventType "team-swiss"]
[EventRounds "11"]
[EventCountry "GEO"]
[SourceTitle "Ajedrez en Madrid"]
[Source "lmi"]
[SourceDate "2018.09.24"]
[WhiteTeam "Hungary"]
[BlackTeam "Georgia 3"]
[WhiteTeamCountry "HUN"]

1. e4 c5 2. Nf3 d6 3. d4 cxd4 4. Qxd4 Nc6 5. Bb5 Bd7 6. Qd3 g6 7. c4 Bg7 8. Nc3
Nf6 9. O-O O-O 10. h3 a6 11. Bxc6 Bxc6 12. Nd4 Nd7 13. Be3 Nc5 14. Qc2 Qd7 15.
Rad1 Ne6 16. Nd5 Rad8 17. Rfe1 Nc5 18. Nxc6 bxc6 19. Bxc5 cxd5 20. Rxd5 Qc7 21.
Bd4 Bxd4 22. Rxd4 Qa5 23. Re3 Rb8 24. b3 Rfc8 25. Rd5 Qb4 26. h4 e6 27. Rd2 Qc5
28. Qd1 Rb6 29. e5 dxe5 30. Rd8+ Rxd8 31. Qxd8+ Kg7 32. h5 Rb7 33. h6+ Kxh6 34.
Qf6 1-0

[Event "43. Olimpiada Batumi 2018 Femenina"]
[Site "Batumi GEO"]
[Date "2018.09.30"]
[Round "6.4"]
[White "Esadze, Tamari"]
[Black "Terbe, Julianna"]
[Result "1/2-1/2"]
[WhiteElo "1911"]
[BlackElo "2260"]
[PlyCount "100"]
[EventDate "2018.09.24"]
[EventType "team-swiss"]
[EventRounds "11"]
[EventCountry "GEO"]
[SourceTitle "Ajedrez en Madrid"]
[Source "lmi"]
[SourceDate "2018.09.24"]
[WhiteTeam "Georgia 3"]
[BlackTeam "Hungary"]
[BlackTeamCountry "HUN"]

1. e4 e5 2. Nf3 Nc6 3. Bb5 a6 4. Ba4 Nf6 5. O-O Be7 6. Re1 b5 7. Bb3 d6 8. h3
Na5 9. c3 Nxb3 10. axb3 O-O 11. d3 c5 12. Nbd2 Bb7 13. Nf1 Re8 14. Ng3 Bf8 15.
c4 g6 16. Nh2 Bg7 17. Be3 Bc6 18. Qd2 Qb6 19. Reb1 a5 20. Bh6 Bd7 21. Nf3 a4
22. bxa4 Rxa4 23. Nh4 bxc4 24. Bxg7 Rxa1 25. Rxa1 Kxg7 26. dxc4 h6 27. Rd1 Be6
28. f4 exf4 29. Qxf4 Qxb2 30. Rxd6 Qa1+ 31. Kh2 Ng8 32. Rc6 g5 33. Nhf5+ Bxf5
34. Nxf5+ Kh7 35. Qc7 Qe5+ 36. Qxe5 Rxe5 37. Rc7 Rxe4 38. Rxc5 Kg6 39. Nd6 Re6
40. Nb5 Ne7 41. Rc7 h5 42. c5 h4 43. Nd4 Re4 44. Rd7 Nf5 45. Nxf5 Kxf5 46.
Rxf7+ Kg6 47. Rc7 Re1 48. Rc8 Rc1 49. c6 Kg7 50. c7 Kh7 1/2-1/2

[Event "43. Olimpiada Batumi 2018 Femenina"]
[Site "Batumi GEO"]
[Date "2018.09.30"]
[Round "6.1"]
[White "Socko, Monika"]
[Black "Geldiyeva, Mahri"]
[Result "1-0"]
[WhiteElo "2446"]
[BlackElo "2139"]
[PlyCount "55"]
[EventDate "2018.09.24"]
[EventType "team-swiss"]
[EventRounds "11"]
[EventCountry "GEO"]
[SourceTitle "Ajedrez en Madrid"]
[Source "lmi"]
[SourceDate "2018.09.24"]
[WhiteTeam "Poland"]
[BlackTeam "Turkmenistan"]
[WhiteTeamCountry "POL"]
[BlackTeamCountry "TKM"]

1. d4 d5 2. c4 dxc4 3. e4 e5 4. Nf3 exd4 5. Bxc4 Bb4+ 6. Nbd2 Nc6 7. O-O Be6 8.
Qb3 Qd7 9. Ng5 Bxc4 10. Nxc4 f6 11. Nf3 O-O-O 12. Rd1 Qe7 13. a3 Bc5 14. Qa4
Qe6 15. Qb5 Bb6 16. Re1 Nge7 17. a4 Kb8 18. Bf4 g5 19. Bg3 g4 20. Nfd2 d3 21.
Nxb6 axb6 22. Qxb6 Rd7 23. a5 Nc8 24. Qc5 Qe7 25. Qc3 Ne5 26. a6 b6 27. Bxe5
fxe5 28. Qc6 1-0

[Event "43. Olimpiada Batumi 2018 Femenina"]
[Site "Batumi GEO"]
[Date "2018.09.30"]
[Round "6.2"]
[White "Hallaeva, Bahar"]
[Black "Zawadzka, Jolanta"]
[Result "0-1"]
[WhiteElo "2098"]
[BlackElo "2424"]
[PlyCount "68"]
[EventDate "2018.09.24"]
[EventType "team-swiss"]
[EventRounds "11"]
[EventCountry "GEO"]
[SourceTitle "Ajedrez en Madrid"]
[Source "lmi"]
[SourceDate "2018.09.24"]
[WhiteTeam "Turkmenistan"]
[BlackTeam "Poland"]
[WhiteTeamCountry "TKM"]
[BlackTeamCountry "POL"]

1. e4 c5 2. c3 Nf6 3. e5 Nd5 4. Nf3 e6 5. d4 cxd4 6. cxd4 d6 7. a3 Bd7 8. Bd3
Bc6 9. O-O Nd7 10. b4 a6 11. Re1 dxe5 12. dxe5 Be7 13. Nd4 Qc7 14. Qe2 O-O 15.
h4 Rfd8 16. Ra2 Ba4 17. Qe4 Nf8 18. Bb2 Rac8 19. Ba1 Rd7 20. Rae2 Qb6 21. Nf3
Bc6 22. Qg4 Nxb4 23. Be4 Bxe4 24. Qxe4 Nd3 25. Rf1 Bc5 26. Nbd2 Nxf2 27. Qb1
Ne4+ 28. Kh2 Nxd2 29. Nxd2 Qxb1 30. Nxb1 Ba7 31. Bc3 Ng6 32. g3 Rd3 33. h5 Ne7
34. Bb4 Nf5 0-1

[Event "43. Olimpiada Batumi 2018 Femenina"]
[Site "Batumi GEO"]
[Date "2018.09.30"]
[Round "6.3"]
[White "Szczepkowska, Karina"]
[Black "Shohradowa, Lala"]
[Result "1-0"]
[WhiteElo "2407"]
[BlackElo "1950"]
[PlyCount "61"]
[EventDate "2018.09.24"]
[EventType "team-swiss"]
[EventRounds "11"]
[EventCountry "GEO"]
[SourceTitle "Ajedrez en Madrid"]
[Source "lmi"]
[SourceDate "2018.09.24"]
[WhiteTeam "Poland"]
[BlackTeam "Turkmenistan"]
[WhiteTeamCountry "POL"]
[BlackTeamCountry "TKM"]

1. d4 Nf6 2. c4 g6 3. Nc3 Bg7 4. e4 d6 5. f3 O-O 6. Nge2 Nbd7 7. Be3 e5 8. d5
Ne8 9. Qd2 c5 10. g4 Nb6 11. Ng3 f5 12. gxf5 gxf5 13. Bg5 Bf6 14. Bh6 Ng7 15.
Rg1 Kh8 16. exf5 Bxf5 17. Nce4 Bxe4 18. fxe4 Rf7 19. O-O-O Nd7 20. Bh3 Nf8 21.
Rdf1 Ng6 22. Be6 Rf8 23. Nf5 b5 24. Rf3 Nh5 25. Bxf8 Qxf8 26. Nh6 Nhf4 27. Nf7+
Kg7 28. Rxf4 exf4 29. Qxf4 Re8 30. Qh6+ Kg8 31. Ng5+ 1-0

[Event "43. Olimpiada Batumi 2018 Femenina"]
[Site "Batumi GEO"]
[Date "2018.09.30"]
[Round "6.4"]
[White "Yalkanova, Merjen"]
[Black "Kulon, Klaudia"]
[Result "0-1"]
[WhiteElo "1909"]
[BlackElo "2347"]
[PlyCount "146"]
[EventDate "2018.09.24"]
[EventType "team-swiss"]
[EventRounds "11"]
[EventCountry "GEO"]
[SourceTitle "Ajedrez en Madrid"]
[Source "lmi"]
[SourceDate "2018.09.24"]
[WhiteTeam "Turkmenistan"]
[BlackTeam "Poland"]
[WhiteTeamCountry "TKM"]
[BlackTeamCountry "POL"]

1. d4 Nf6 2. Nf3 g6 3. b3 d5 4. Bb2 Bg7 5. e3 O-O 6. Bd3 c5 7. Nbd2 cxd4 8.
exd4 Nc6 9. a3 Nh5 10. Nf1 Bg4 11. Be2 Nf4 12. Ne3 Bxf3 13. Bxf3 e5 14. c3 exd4
15. cxd4 Qa5+ 16. Kf1 Rfd8 17. g3 Ne6 18. Kg2 Ncxd4 19. b4 Qa6 20. Bxd4 Nxd4
21. Nxd5 Nxf3 22. Qxf3 Bxa1 23. Rxa1 Qd6 24. Rd1 Kg7 25. h4 h5 26. Rd3 Rac8 27.
b5 Qe5 28. a4 b6 29. Nf4 Rxd3 30. Qxd3 Rc3 31. Qd1 Qe4+ 32. Kh2 Rc2 33. Qa1+
Kg8 34. Nh3 Re2 35. Qc1 Re1 36. Qc8+ Kg7 37. Qc3+ Qe5 38. Qf3 Ra1 39. Ng5 Qf6
40. Qe3 Rxa4 41. Nh3 Rb4 42. Qd3 Qe5 43. Qd7 Rxh4 44. Qxa7 Rd4 45. Qa2 h4 46.
Nf4 hxg3+ 47. fxg3 Rxf4 48. gxf4 Qxf4+ 49. Kh1 Qh4+ 50. Kg2 Qg5+ 51. Kh2 Qxb5
52. Qa1+ Kh7 53. Qf6 Kg8 54. Qd8+ Kg7 55. Qd4+ f6 56. Qd8 g5 57. Qe7+ Kg6 58.
Qe4+ Kh6 59. Qa8 Qe5+ 60. Kg2 Kh5 61. Qh8+ Kg6 62. Qg8+ Kf5 63. Qc8+ Qe6 64.
Qd8 Qe2+ 65. Kg1 b5 66. Qd5+ Qe5 67. Qd7+ Kf4 68. Qh7 Qe3+ 69. Kf1 f5 70. Qh2+
Kg4 71. Qg2+ Kh4 72. Qc2 g4 73. Kg2 Qe4+ 0-1